| 000 | 00906nam a2200265 i 4500 | ||
|---|---|---|---|
| 001 | 5727 | ||
| 003 | ES-MaACL | ||
| 005 | 20250911062821.0 | ||
| 007 | t| | ||
| 008 | 890516s1987 sp ||||1| spa d | ||
| 020 | _a84-7522-215-3 | ||
| 080 | _a82(Joyce,J.2.03=6) | ||
| 080 | _a82-1"19" | ||
| 100 | 1 |
_aJoyce, James, _d1882-1941 _967077 |
|
| 245 | 1 | 0 |
_aPoesía completa _b: Música de camara, Poemas a penique y otros poemas / _cJames Joyce ; traducción, estudio preliminar y notas de José Antonio Alvárez Amorós. |
| 260 |
_aMadrid : _bVisor, _c1987. |
||
| 300 |
_a203 p. ; _c20 cm. |
||
| 490 | 1 |
_aColección Visor de poesía ; _v215 |
|
| 500 | _aTexto bilingue español-ingles. | ||
| 700 | 1 |
_aAlvarez Amorós, José Antonio. _920691 |
|
| 830 | 0 |
_aColección Visor de poesía _v215 _9177331 |
|
| 852 |
_aES-MaACL _jL-12747 _bR.115801 _z. - rust. |
||
| 999 |
_c5727 _d5727 |
||